000 00259nam a2200085Ia 4500
008 120527s9999 xx 000 0 und d
100 _aBPP Proffessional Educat.
245 _aTechnician unit 12 Drafting financial statements(Central Govt) for assess
942 _cBK
999 _c25787
_d25787